[Event "DEN-ch Railway"]
[Site "Krusa"]
[Date "2001.02.25"]
[Round "7"]
[White "Hansen, Svend L"]
[Black "Christensen, Hanse"]
[Result "1-0"]
[WhiteElo "1894"]
[BlackElo "1750"]
[PlyCount "111"]
[EventDate "2001.02.19"]
[EventType "tourn"]
[EventRounds "7"]
[EventCountry "DEN"]
[SourceTitle "EXT 2018"]
[Source "ChessBase"]
[SourceDate "2017.10.13"]
[SourceVersion "1"]
[SourceVersionDate "2017.10.13"]
[SourceQuality "1"]

1. d4 d6 2. Nc3 g6 3. Nf3 Bg7 4. e4 Nd7 5. Bc4 Ngf6 6. 0-0 0-0 7. Bg5 c5 8. d5 Re8 9. Qd2 Ng4 10. Rab1 a6 11. a3 Nge5 12. Nxe5 Nxe5 13. Ba2 f6 14. Bh4 Nf7 15. Ne2 Bh6 16. f4 Bg7 17. c3 Bd7 18. Rbe1 h6 19. Rf2 g5 20. fxg5 hxg5 21. Bg3 e5 22. dxe6 Bxe6 23. Bb1 Ne5 24. h3 d5 25. Bxe5 fxe5 26. exd5 Bxd5 27. Qc2 e4 28. Rd1 c4 29. Ng3 Qa5 30. Re2 Qc5+ 31. Kh1 Qc6 32. Rde1 Qh6 33. Nxe4 Bc6 34. Qd2 Re5 35. Re3 Rae8 36. Qe2 Qh4 37. Qxc4+ Bd5 38. Qe2 g4 39. Qxg4 Qxg4 40. hxg4 Bxe4 41. Rxe4 Rxe4 42. Rxe4 Rxe4 43. Bxe4 b6 44. Kg1 Kf7 45. Kf2 Kf6 46. Ke3 Ke5 47. Kd3 Bf6 48. Bf3 Be7 49. a4 a5 50. Kc4 Kd6 51. b4 axb4 52. cxb4 Kc7 53. Kb5 Bh4 54. a5 bxa5 55. bxa5 Bf2 56. g5 1-0

[Event "DEN-ch Railway"]
[Site "Krusa"]
[Date "2001.02.24"]
[Round "6"]
[White "Christensen, Hanse"]
[Black "Haar, Bjarne"]
[Result "0-1"]
[WhiteElo "1750"]
[BlackElo "2095"]
[PlyCount "30"]
[EventDate "2001.02.19"]
[EventType "tourn"]
[EventRounds "7"]
[EventCountry "DEN"]
[SourceTitle "EXT 2018"]
[Source "ChessBase"]
[SourceDate "2017.10.13"]
[SourceVersion "1"]
[SourceVersionDate "2017.10.13"]
[SourceQuality "1"]

1. d4 d5 2. c4 c6 3. e3 e6 4. Nf3 Nd7 5. b3 Bd6 6. c5 Bc7 7. Qc2 f5 8. Bb2 Ngf6 9. Nbd2 0-0 10. Ng5 Qe7 11. Bd3 Ne4 12. Ngf3 Ndf6 13. Bxe4 fxe4 14. Ne5 Nd7 15. 0-0 Qg5 0-1

[Event "DEN-ch Railway"]
[Site "Krusa"]
[Date "2001.02.23"]
[Round "5"]
[White "Andersen, Bent Lojengaard"]
[Black "Christensen, Hanse"]
[Result "1-0"]
[WhiteElo "1845"]
[BlackElo "1750"]
[PlyCount "71"]
[EventDate "2001.02.19"]
[EventType "tourn"]
[EventRounds "7"]
[EventCountry "DEN"]
[SourceTitle "EXT 2018"]
[Source "ChessBase"]
[SourceDate "2017.10.13"]
[SourceVersion "1"]
[SourceVersionDate "2017.10.13"]
[SourceQuality "1"]

1. d4 d6 2. c4 g6 3. Nc3 Bg7 4. e4 Nd7 5. b4 e5 6. Be3 Ngf6 7. h3 0-0 8. Nf3 b6 9. Be2 Re8 10. d5 a5 11. a3 axb4 12. axb4 Rxa1 13. Qxa1 Bb7 14. 0-0 Qa8 15. Nb5 Qb8 16. Bd3 c6 17. Nc3 cxd5 18. cxd5 Nxd5 19. Nxd5 Bxd5 20. Bb5 Be6 21. Ng5 Rd8 22. Nxe6 fxe6 23. Qa2 Nf8 24. Rd1 Kh8 25. Bc4 Qb7 26. f3 b5 27. Bxe6 Nxe6 28. Qxe6 Qd7 29. Qxd7 Rxd7 30. Rd5 Rb7 31. Rxd6 Bf8 32. Rd8 Kg8 33. Bc5 Rf7 34. Bd6 Kg7 35. Bxe5+ Kh6 36. Bd6 1-0

[Event "DEN-ch Railway"]
[Site "Krusa"]
[Date "2001.02.20"]
[Round "2"]
[White "Christensen, Hanse"]
[Black "Thomsen, Karl Aage"]
[Result "1/2-1/2"]
[WhiteElo "1750"]
[BlackElo "1825"]
[PlyCount "93"]
[EventDate "2001.02.19"]
[EventType "tourn"]
[EventRounds "7"]
[EventCountry "DEN"]
[SourceTitle "EXT 2018"]
[Source "ChessBase"]
[SourceDate "2017.10.13"]
[SourceVersion "1"]
[SourceVersionDate "2017.10.13"]
[SourceQuality "1"]

1. d4 c6 2. c4 d6 3. Nc3 Qc7 4. Nf3 e5 5. e4 Bg4 6. Be2 Nd7 7. 0-0 Ngf6 8. dxe5 dxe5 9. Nd2 Bxe2 10. Qxe2 Bb4 11. Nd1 0-0 12. a3 Bc5 13. b4 Be7 14. Nf3 b6 15. Nc3 Rad8 16. Rd1 Nb8 17. Be3 Rd7 18. Rxd7 Nfxd7 19. Rd1 Rd8 20. Bg5 f6 21. Be3 Nf8 22. Rxd8 Qxd8 23. Qd2 Qxd2 24. Nxd2 Ne6 25. Nb3 Nd7 26. f3 Kf7 27. Kf2 g6 28. g3 h5 29. h3 g5 30. Ne2 Kg6 31. f4 f5 32. fxe5 Nxe5 33. exf5+ Kxf5 34. c5 bxc5 35. Nxc5 Nxc5 36. Bxc5 Nd3+ 37. Kf3 Nxc5 38. Nd4+ Kf6 39. bxc5 Bxc5 40. Nxc6 Ke6 41. Ke4 Kd6 42. Nb4 Bf2 43. g4 hxg4 44. hxg4 Be1 45. Nd3 Bd2 46. Ne5 Ke6 47. a4 1/2-1/2

[Event "DEN-ch Railway"]
[Site "Krusa"]
[Date "2001.02.19"]
[Round "1"]
[White "Christensen, Hanse"]
[Black "Hansen, Lars Henrik Bech"]
[Result "0-1"]
[WhiteElo "1750"]
[BlackElo "2109"]
[PlyCount "70"]
[EventDate "2001.02.19"]
[EventType "tourn"]
[EventRounds "7"]
[EventCountry "DEN"]
[SourceTitle "EXT 2018"]
[Source "ChessBase"]
[SourceDate "2017.10.13"]
[SourceVersion "1"]
[SourceVersionDate "2017.10.13"]
[SourceQuality "1"]

1. d4 g6 2. c4 Nf6 3. Nc3 Bg7 4. e4 d6 5. Nf3 0-0 6. Be2 e5 7. d5 Nh5 8. 0-0 Nf4 9. Be3 f5 10. Qd2 Nxe2+ 11. Qxe2 f4 12. Bd2 g5 13. Ne1 g4 14. f3 g3 15. h3 Qh4 16. Nd3 Rf6 17. Rfd1 Rh6 18. Nb5 Qe7 19. Qf1 a6 20. Nc3 Nd7 21. b4 Nf8 22. Rac1 Ng6 23. Ne2 Nh8 24. c5 Nf7 25. cxd6 cxd6 26. Kh1 Ng5 27. Ng1 Rg6 28. Ne1 Bd7 29. Rc7 Qd8 30. Rdc1 Rb8 31. R7c2 Bf8 32. Qc4 Rh6 33. Qc7 Qe8 34. Nd3 Nxh3 35. gxh3 Bxh3 0-1